|
|
|
|
| LEADER |
00000nab a2200000 a 4500 |
| 001 |
vtls001496541 |
| 003 |
SK-MaSNL |
| 005 |
20260304143617.0 |
| 008 |
250505c2004 xo mr|p|||||||000 b|slo |
| 015 |
|
|
|a SNBRB2005/02
|2 snkbucl
|
| 035 |
|
|
|a (uuid)08fa55e3-3181-41db-893e-329688ea5798
|
| 035 |
|
|
|a urn:nbn:sk:snk-abuhp
|
| 035 |
|
|
|a (urnnbn)urn:nbn:sk:snk:ar-a03spz
|
| 038 |
|
|
|a SNKBUCL
|
| 040 |
|
|
|a SNKBUCL
|b slo
|c SNKBUCL
|e AACR2
|
| 041 |
0 |
|
|a slo
|
| 044 |
|
|
|a xo
|c SK
|
| 080 |
|
|
|a 636.09-051
|2 1997
|
| 080 |
|
|
|a 619-051
|2 1997
|
| 100 |
1 |
|
|a Bugarský, Andrej,
|d 1942-
|4 aut
|9 194620
|
| 245 |
1 |
0 |
|a MVDr. Jozef Hojsík - 70 ročný
|c Andrej Bugarský
|
| 600 |
1 |
7 |
|a Hojsík, Jozef
|d 1934-
|2 snkbucl
|9 1464620
|
| 773 |
0 |
|
|t Slovenský veterinársky časopis = Slovak veterinary journal
|g Roč. XXIX, č. 5 (2004), s. 66
|x 1335-0099
|
| 850 |
|
|
|a Slovenská národná knižnica
|
| 852 |
|
|
|a Slovenská národná knižnica
|
| 954 |
|
|
|a odborná, vedecká literatúra pôvodná (slovenská)
|2 lita
|
| 958 |
|
|
|a article27
|
| 958 |
|
|
|a MI
|
| 958 |
|
|
|a OND
|
| 958 |
|
|
|a EUIPO
|
| 999 |
|
|
|c 2926489
|d 2928419
|